Capoluoghi delle Comunità autonome della Spagna - Statistics

Statistiche generali
  • Questo quiz è stato fatto 68 volte
  • Il punteggio medio è 10 su 14
Statistiche sulle risposte
Regione Capoluogo % Corretto
Catalogna Barcellona
92%
Comunità di Madrid Madrid
92%
Andalusia Siviglia
92%
Comunità Valenciana Valencia
89%
Isole Baleari Palma di Maiorca
86%
Regione di Murcia Murcia
75%
Aragona Saragozza
75%
Principato delle Asturie Oviedo
67%
Galizia Santiago de Compostela
61%
Castiglia-La Mancia Toledo
61%
Comunità Forale della Navarra Pamplona
50%
Cantabria Santander
44%
La Rioja Logroño
39%
Estremadura Mérida
39%
Nessun quiz corrispondente trovato
Distribuzione punteggi
Percentuale di utenti per punteggio
Percentile per numero di risposta
I tuoi punteggi nel tempo
Non hai fatto questo quiz